000
00235nam a22000977a 4500
999
_c
262436
_d
262435
020
_a
05905484125
100
_a
Joanne Cole
245
_a
The Magic School Bus: In The Haunted Museum
260
_a
New York
_b
Scholastic
_c
1995
942
_c
BK